| 000 | 00534nam a2200181Ia 4500 | ||
|---|---|---|---|
| 003 | IN-BaIIA | ||
| 008 | 211028s9999 xx 000 0 eng d | ||
| 020 | _a81-208-0612-3 | ||
| 040 | _cIIA Library | ||
| 080 |
_a52(091) _bTHE |
||
| 245 | 4 |
_aThe surya sidhanta _cedited by P. Gangooly |
|
| 260 |
_aDelhi _bMotilal Banarsidass _c1989 |
||
| 300 | _avi, 409p. | ||
| 650 |
_aAstronomy _980 |
||
| 650 | _aAstronomy and astrophysics thesaurus | ||
| 700 |
_aGangooly, P ed. _916446 |
||
| 942 | _cBK | ||
| 999 |
_c9723 _d9723 |
||